Statistics for Pokemon To Animals

Click here to take the quiz!

General Stats

  • This quiz has been taken 21 times
  • The average score is 10 of 12

Answer Stats

HintAnswer% Correct
BeedrillBee
95%
ButterfreeButterfly
95%
DragoniteDragon
95%
PsyduckDuck
95%
RattataRat
95%
ZubatBat
89%
SquirtleTurtle
89%
EkansSnake
84%
CharmanderLizard
79%
PikachuMouse
79%
CaterpieCaterpillar
68%
SandshrewShrew
42%

Score Distribution

Percentile by Number Answered

Percent of People with Each Score

Your Score History

You have not taken this quiz